000 00926 a2200205 4500
001 41383
005 20260407155708.0
008 260407a1974 arg spa d
003 AR-UNSa-BCEJYS
040 _aAR-UNSa-BCEJYS
_bspa
_cAR-UNSa-BCEJYS
080 _a343.7
_xDelitos contra la propiedad
245 1 0 _aDelito, derecho y sociedad
_pcausas sociológicas del delito
264 1 _aBuenos Aires :
_bEdiciones Depalma
_c1974
300 _a488 p.
_c23 cm.
505 _a1. El caso del acarreador - 2. El desarrollo del derecho sobre apropiación ilícita de lo ajeno durante el siglo XVIII - 3. La elaboración del derecho sustantivo sobre el objeto del hurto - 4. El tecnicismo y la discrecionalidad en la aplicación del derecho penal - 5. La adquisición de cosas robadas - 6. Robo de automóvil - 7. Defraudación
041 _aspa
942 _cBK
590 _aniveau_biblio:m niveau_hierar:0
100 1 _aHall, Jerome
999 _c3488
_d3488